| 000 | 00558nmm a2200193Ia 4500 | ||
|---|---|---|---|
| 008 | 251105s9999||||xx |||||||||||||||||und|| | ||
| 020 | _a9788431529871 | ||
| 041 | _aspa | ||
| 100 | _aRognoni, Andrea | ||
| 245 | 0 | _aLos secretos de la reencarnación | |
| 264 |
_a[Madrid, España] : _bDe Vecchi, _c2003 |
||
| 300 | _a192 páginas | ||
| 490 | _aCiencias ocultas y misterios | ||
| 650 | _aMind, body and spirituality | ||
| 700 | _aRognoni, Andrea | ||
| 700 | 1 | _a Norta, Gianni | |
| 856 | _uhttps://public.digitaliapublishing.com/a/39734 | ||
| 942 | _cCF | ||
| 999 |
_c70687 _d70687 |
||